[Event "Rishon Le Ziyyon YM"]
[Site "Rishon Le Ziyyon"]
[Date "1995.??.??"]
[Round "11"]
[White "Bykhovsky, Avigdor"]
[Black "Goldin, Alexander"]
[Result "1/2-1/2"]
[WhiteElo "2455"]
[BlackElo "2580"]

1.d4 Nf6 2.c4 e6 3.Nf3 b6 4.a3 Ba6 5.Qc2 c5 6.e4 cxd4 7.Nxd4 Bb7 8.Nc3 Bc5
9.Nb3 Nc6 10.Bd3 O-O 11.O-O h6 12.h3 d6 13.Bf4 Qe7 14.Kh1 Rfd8 15.Rae1 Rac8
16.Bh2 Ne5 17.f4 Nxd3 18.Qxd3 Ba6 19.Nd2 d5 20.exd5 Nxd5 21.Nxd5 Rxd5 22.Qc2 Bd6
23.Rf3 Bb7 24.Rc3 Rh5 25.Ne4 Bb8 26.b4 Rf5 27.Qd2 a5 28.Rd3 Qf8 29.Rd4 axb4
30.axb4 e5 31.fxe5 Bxe5 32.Bxe5 Rxe5 33.Nd6 Rxe1+ 34.Qxe1 Rd8 35.Qe5 Bc6
36.b5 Bd7 37.Qd5 Be6 38.Qc6 Qe7 39.Qxb6 Qf6 40.Rd1 Bxh3 41.Qxd8+ Qxd8 42.gxh3 Qh4
43.Kg2 Qg5+ 44.Kf2 Qf4+ 45.Ke2 Qe5+ 46.Kf2 Qh2+ 47.Ke1 f5 48.b6 Qg1+ 49.Ke2 Qxb6
50.Nxf5 Qe6+ 51.Ne3 Qxh3 52.Rd5 Qe6 53.c5 Kh7 54.Kd3 Qg6+ 55.Kd4 h5 56.c6 Qxc6
57.Rxh5+ Kg6 58.Rd5 Kh7 59.Rh5+ Kg8 60.Rd5 g6 61.Kd3 Qa6+ 62.Kd2 Qb6 63.Kd3 Qb3+
64.Kd2 Kf7 65.Rd4 g5 66.Rc4 Ke6 67.Ke2 Qb7 68.Rg4 Kf6 69.Rc4 Kg6 70.Kd3 Qa6
71.Kd2 Kh5 72.Rd4  1/2-1/2

[Event "JUG-chT"]
[Site "Tivat"]
[Date "1995.??.??"]
[Round "1"]
[White "Rublevsky, Sergei"]
[Black "Goldin, Alexander"]
[Result "1-0"]
[WhiteElo "2595"]
[BlackElo "2585"]

1.e4 e5 2.Nf3 Nc6 3.d4 exd4 4.Nxd4 Bc5 5.Nxc6 Qf6 6.Qd2 dxc6 7.Nc3 Ne7 8.Qf4 Qe6
9.Qxc7 O-O 10.Bd3 Ng6 11.Qg3 f5 12.f4 fxe4 13.Nxe4 Bd7 14.Bd2 Rae8 15.Bc3 Bd6
16.O-O Rxf4 17.Nxd6 Qxd6 18.Rfe1 Qc5+ 19.Kh1 Ref8 20.h3 R4f7 21.a3 a5 22.Bxg6 hxg6
23.Qxg6 Bf5 24.Qg5 Qf2 25.Rf1 Qxc2 26.Rac1 Qd3 27.Rf3 Qe4 28.Re1 Qc2 29.Rg3 g6
30.Rc1 Qe4 31.Re1 Qc2 32.Rf3  1-0

[Event "JUG-chT"]
[Site "Tivat"]
[Date "1995.??.??"]
[Round "2"]
[White "Goldin, Alexander"]
[Black "Ivanovic, Bozidar"]
[Result "0-1"]
[WhiteElo "2585"]
[BlackElo "2495"]

1.d4 c5 2.d5 e5 3.e4 d6 4.Nc3 Be7 5.Nf3 a6 6.a4 Bg4 7.b3 Qa5 8.Bd2 Qd8 9.Bc1 Qa5
10.Qd3 f5 11.Bd2 f4 12.h3 Bh5 13.Be2 Qd8 14.a5 Nd7 15.Na4 Bg6 16.Bc3 Rc8
17.Nd2 Ngf6 18.Bf3 O-O 19.Nc4 h5 20.O-O-O Nh7 21.h4 Nhf6 22.Qe2 Qe8 23.g3 Ng4
24.Rde1 fxg3 25.fxg3 Ndf6 26.Rhf1 Bh7 27.Bd2 Qg6 28.Bg5 Rf7 29.Nc3 Rcf8 30.Bg2 Ne8
31.Bxe7 Rxe7 32.Rxf8+ Kxf8 33.Bf3 Ngf6 34.Rg1 Rf7 35.Kb2 Kg8 36.Ne3 Rf8 37.Rg2 Qf7
38.Rf2 Nxe4 39.Bxe4 Qxf2 40.Bxh7+ Kxh7 41.Qxh5+ Kg8 42.Qg5 Qd2 43.h5 Nf6
44.h6 Qxc3+ 45.Kb1 Rf7 46.Nf5 Ne4 47.h7+ Kxh7 48.Qh4+ Kg8 49.Qxe4 Qb4 50.Qf3 Qxa5
51.Qg4 Qd2 52.Qg6 Qd1+ 53.Kb2 Rxf5 54.Qxf5 Qxd5 55.Qc8+ Kf7 56.Qf5+ Ke7 57.Qg5+ Kf8
58.Qf5+ Ke8 59.Qg6+ Qf7 60.Qxd6 Qe7 61.Qg6+ Kd7 62.Qe4 Kc7 63.c3 Kb6 64.Kc2 Qe6
65.Kb2 Qf6 66.Qe3 Qd6 67.b4 a5 68.bxc5+ Qxc5 69.Qg5 Qb5+ 70.Kc2 Qe2+ 71.Kb3 a4+
72.Kxa4 Qc4+ 73.Ka3 Qxc3+ 74.Ka2 e4 75.Qg6+ Kc5 76.Kb1 b5 77.Qg4 Qe5 78.Qc8+ Kd4
79.Qc1 Kd3 80.g4 e3 81.Qc2+ Kd4 82.Qb2+ Kd5 83.Qxb5+ Ke4 84.Qa6 Kf4 85.Qf1+ Kg5
86.Qe2 g6 87.Kc2 Qc5+ 88.Kb3 Qd5+ 89.Ka3 Qd2 90.Qb5+ Kh4 91.Qe5 Kh3 92.Qh8+ Kg2
93.Qa8+ Kg1 94.Qf3 Qf2 95.Qd1+ Kg2  0-1

[Event "JUG-chT"]
[Site "Tivat"]
[Date "1995.??.??"]
[Round "5"]
[White "Miladinovic, Igor"]
[Black "Goldin, Alexander"]
[Result "1/2-1/2"]
[WhiteElo "2555"]
[BlackElo "2585"]

1.d4 Nf6 2.c4 e6 3.Nc3 Bb4 4.g3 O-O 5.Bg2 d6 6.Nf3 Qe7 7.Qb3 Nc6 8.O-O Bxc3
9.Qxc3 a5 10.b3 e5 11.dxe5 dxe5 12.Bb2 Re8 13.a3 Ne4 14.Qc2 Nc5 15.Rad1 Ra6
16.Rd5 f6 17.Bc3 Rb6 18.Rb1 Be6 19.Rdd1 Nd7 20.Bb2 Nc5 21.Nd2 Bf7 22.Bd5 Kh8
23.Bxf7 Qxf7 24.Bc3 Qg6 25.Qxg6 hxg6 26.b4 axb4 27.Bxb4 Na6 28.Bc3 Rxb1 29.Nxb1 Re7
30.Rd5 Kg8 31.Nd2 Kf7 32.Ne4 Nab8 33.Rb5 Nd8 34.Kg2 Nd7 35.a4 Ke8 36.a5 Re6
37.h4 Rc6 38.Nd2 Nc5 39.f4 Na4 40.Ba1 Rd6 41.Nb3 Rd1 42.fxe5 f5 43.Rb4 Rb1
44.Rxa4 Rxb3 45.a6 bxa6 46.Rxa6 Kf7 47.Ra2 Ne6 48.Rd2 Rb4 49.Rc2 Ra4 50.Bb2 Ra2
51.Rd2 Ke7 52.Kf3 Nc5 53.Bc1 Ra4 54.Rc2 Ne6 55.Be3 Ra5 56.c5 Ra3 57.Kf2 Ra4  1/2-1/2

[Event "JUG-chT"]
[Site "Tivat"]
[Date "1995.??.??"]
[Round "7"]
[White "Svidler, Peter"]
[Black "Goldin, Alexander"]
[Result "1/2-1/2"]
[WhiteElo "2635"]
[BlackElo "2585"]

1.e4 e5 2.Nf3 Nc6 3.Bb5 a6 4.Ba4 Nf6 5.O-O Be7 6.Re1 b5 7.Bb3 d6 8.c3 O-O
9.h3 Re8 10.d4 Bb7 11.Nbd2 Bf8 12.a4 Qd7 13.Bc2 exd4 14.cxd4 g6 15.b3 Bg7
16.Bb2 Nb4 17.Bb1 a5 18.axb5 Qxb5 19.Qc1 d5 20.e5 Ne4 21.Nxe4 dxe4 22.Bxe4 Bxe4
23.Rxe4 Qd3 24.Ng5 Qxb3 25.Ra3 Qd5 26.Rh4 h6 27.Ne4 Ra6 28.Nc5 Rc6 29.Qf1 g5
30.Rg4 f5 31.exf6 Rxf6 32.Rxa5 Nc2 33.Ne4 Qxa5 34.Nxf6+ Bxf6 35.Qc4+ Kg7
36.Qxc2 Qe1+ 37.Kh2 Re7 38.Ba3 Rf7 39.Re4 Qa1 40.Bc5 Qa8 41.Qe2 Qd5 42.Qg4 c6
43.f3 Bd8 44.h4 Bc7+ 45.Kh3 Qc4 46.Re7 Rxe7 47.Bxe7 Qc1 48.Qe4 h5 49.Bf6+ Kxf6
50.hxg5+ Kxg5 51.Qe7+ Kf5 52.Qxc7 Qh1+ 53.Qh2 Qxh2+ 54.Kxh2 Kf4  1/2-1/2

[Event "JUG-chT"]
[Site "Tivat"]
[Date "1995.??.??"]
[Round "8"]
[White "Goldin, Alexander"]
[Black "Zvjaginsev, Vadim"]
[Result "1/2-1/2"]
[WhiteElo "2585"]
[BlackElo "2600"]

1.d4 Nf6 2.c4 e6 3.Nc3 Bb4 4.Qc2 d5 5.cxd5 Qxd5 6.Nf3 Qf5 7.Qd1 c5 8.e3 cxd4
9.exd4 O-O 10.Bd3 Qh5 11.O-O Nbd7 12.Ne2 Bd6 13.Bf4 Bxf4 14.Nxf4 Qa5 15.a3 Rd8
16.Rc1 Qb6 17.Qe2 Nf8 18.Rc4  1/2-1/2

[Event "JUG-chT"]
[Site "Tivat"]
[Date "1995.??.??"]
[Round "11"]
[White "Sakaev, Konstantin"]
[Black "Goldin, Alexander"]
[Result "1/2-1/2"]
[WhiteElo "2570"]
[BlackElo "2585"]

1.d4 Nf6 2.c4 e6 3.Nc3 Bb4 4.f3 d5 5.a3 Bxc3+ 6.bxc3 c5 7.cxd5 Nxd5 8.dxc5 Qa5
9.e4 Nf6 10.Be3 O-O 11.Qb3 Nfd7 12.a4 Qc7 13.Qa3 Nc6 14.Nh3 Na5 15.Be2 b6
16.cxb6 axb6 17.O-O Ba6 18.Bxa6 Rxa6 19.Nf2 Nc5 20.Bxc5 bxc5 21.Rab1  1/2-1/2

[Event "EUCup f"]
[Site "Budapest"]
[Date "1996.??.??"]
[Round "1"]
[White "Goldin, Alexander"]
[Black "Horvath, Gyula"]
[Result "1-0"]
[WhiteElo "2570"]
[BlackElo "2450"]

1.d4 e6 2.c4 Nf6 3.Nf3 Bb4+ 4.Nbd2 b6 5.a3 Bxd2+ 6.Bxd2 Bb7 7.Bg5 d6 8.e3 Nbd7
9.Qc2 Qe7 10.Bh4 h6 11.Rd1 g5 12.Bg3 Ne4 13.d5 Ndf6 14.Nd4 e5 15.Ne2 O-O-O
16.f3 Nxg3 17.Nxg3 Ne8 18.Bd3 Ng7 19.O-O h5 20.b4 h4 21.Nf5 Nxf5 22.Bxf5+ Kb8
23.a4 Bc8 24.a5 h3 25.g4 Rh6 26.Ra1 Bxf5 27.Qxf5 e4 28.axb6 cxb6 29.fxe4 Rh4
30.Kf2 Re8 31.Ke2 Qc7 32.Kd3 f6 33.Rfc1 Re5 34.Qxf6 Rxg4 35.Qf8+ Kb7 36.Rxa7+  1-0

[Event "EUCup f"]
[Site "Budapest"]
[Date "1996.??.??"]
[Round "2"]
[White "Goldin, Alexander"]
[Black "Borriss, Martin"]
[Result "1-0"]
[WhiteElo "2570"]
[BlackElo "2425"]

1.d4 Nf6 2.c4 g6 3.g3 Bg7 4.Bg2 O-O 5.Nc3 c6 6.Nf3 d6 7.O-O Qa5 8.e4 e5 9.h3 Nbd7
10.Re1 exd4 11.Nxd4 Ne5 12.Bf1 Re8 13.Rb1 Qc5 14.Kg2 Be6 15.b4 Qb6 16.f4 Bxc4
17.fxe5 Bxf1+ 18.Rxf1 Rxe5 19.Bf4 Ree8 20.Qd3 Nxe4 21.Nxe4 Qxd4 22.Qxd4 Bxd4
23.Nxd6 Re2+ 24.Kh1 a5 25.b5 cxb5 26.Rxb5 b6 27.Rd5 Bg7 28.a3 Ra2 29.Rd3 Rd8
30.Rfd1 f5 31.Bg5 Rd7 32.Nc4 Rxd3 33.Rxd3 Bf8 34.Rd8 Kf7 35.Ne5+ Ke6 36.Nxg6 Bc5
37.Nf4+ Ke5 38.Nd3+ Ke4 39.Nxc5+ bxc5 40.Re8+ Kf3 41.Re3+ Kf2 42.Rc3 c4 43.Be7  1-0

[Event "EUCup f"]
[Site "Budapest"]
[Date "1996.??.??"]
[Round "3"]
[White "Bologan, Viktor"]
[Black "Goldin, Alexander"]
[Result "1/2-1/2"]
[WhiteElo "2600"]
[BlackElo "2570"]

1.e4 c5 2.Nf3 Nc6 3.d4 cxd4 4.Nxd4 Nf6 5.Nc3 d6 6.Bg5 e6 7.Qd2 a6 8.O-O-O h6
9.Be3 Be7 10.f3 Nxd4 11.Bxd4 b5 12.Kb1 Rb8 13.Ba7 Rb7 14.Be3 Qa5 15.Nd5 Qxd2
16.Nxf6+ gxf6 17.Bxd2 e5 18.a4 Be6 19.axb5 axb5 20.Bb4 O-O 21.Bd3 Ra8 22.b3 Rba7
23.Bxb5 Ra1+ 24.Kb2 R1a2+ 25.Kc3 Rc8+ 26.Bc4 Ra6 27.Kb2 Bxc4 28.bxc4 Rb6
29.Kc3 Rbc6 30.Kb3 Rxc4 31.c3 R4c6 32.Rd3 Kg7 33.Ra1 R8c7 34.Ra8 h5 35.Rd5 h4
36.g4 hxg3 37.hxg3 Rb7 38.Rda5 Rcc7 39.Ra1 f5 40.Re8 fxe4 41.fxe4 Bg5 42.Ra4 Be3
43.Kc2 Bc5 44.Kd3 Rc6 45.Bxc5 Rxc5 46.Rc4 Ra5 47.Rc6 Rb1 48.Ke3 Re1+ 49.Kf3 Ra4
50.Rxd6 Raxe4 51.Rd3 Kf6 52.Kg2 R4e2+ 53.Kh3 Rf2 54.g4 Rf4 55.Rd6+ Kg7 56.Rd3 e4
57.Kg3 Rf6 58.c4 Rg1+ 59.Kh2 Rxg4 60.Rg3 Rxg3 61.Kxg3 Rf3+ 62.Kg4 Rf1 63.c5 Kg6
64.Rg8+ Kh6 65.Rh8+ Kg6 66.Rg8+ Kf6 67.Re8 Rc1 68.Rxe4 Rxc5 69.Kf4 Rf5+ 70.Kg4 Re5
71.Ra4 Kg6 72.Ra6+ f6 73.Ra4 Re1 74.Ra5 Re4+ 75.Kf3 Rb4 76.Rc5 Rb1 77.Ra5 Rf1+
78.Kg2 Rd1 79.Kf3 f5 80.Ra8  1/2-1/2

[Event "RUS-ch"]
[Site "Elista"]
[Date "1996.??.??"]
[Round "1"]
[White "Lastin, Alexander"]
[Black "Goldin, Alexander"]
[Result "1-0"]
[WhiteElo "2480"]
[BlackElo "2600"]

1.e4 c5 2.Nc3 Nc6 3.Nge2 d6 4.d4 cxd4 5.Nxd4 Nf6 6.f3 e6 7.Be3 Be7 8.Qd2 O-O
9.g4 Nxd4 10.Bxd4 Nd7 11.O-O-O a6 12.h4 b5 13.g5 Rb8 14.Kb1 Bb7 15.Bh3 b4
16.Ne2 Ne5 17.f4 Nc4 18.Qd3 Qc7 19.g6 e5 20.gxf7+ Kh8 21.Ba7 Ra8 22.Bf2 Bc8
23.h5 Bf6 24.h6 g6 25.fxe5 Bxe5 26.Bd4 Bxh3 27.Qxh3 Rxf7 28.Qe6 Raf8 29.Bxe5+ dxe5
30.Qxa6 Rf2 31.Rhe1 Ne3 32.Rc1 Ng2 33.Red1 Ne3 34.Re1 Nc4 35.Qb5 Rb8 36.Qa6 Nd2+
37.Ka1 Nxe4 38.Nd4 Nc5 39.Qc4 Ra8 40.Nb5 Qa5 41.Rxe5 Rf4 42.Re8+ Rxe8 43.Qxf4 Ne4
44.Rf1 Qd8 45.Nc7 g5 46.Qf7  1-0

[Event "RUS-ch"]
[Site "Elista"]
[Date "1996.??.??"]
[Round "2"]
[White "Goldin, Alexander"]
[Black "Beshukov, Sergei"]
[Result "1-0"]
[WhiteElo "2570"]
[BlackElo "2460"]

1.d4 Nf6 2.c4 g6 3.g3 c6 4.Bg2 d5 5.Nf3 Bg7 6.O-O O-O 7.Qb3 Qb6 8.Nc3 Bf5
9.Ne5 Be6 10.Rd1 dxc4 11.Nxc4 Qa6 12.d5 cxd5 13.Nxd5 Nxd5 14.Bxd5 Bxd5 15.Rxd5 Nc6
16.Be3 Rac8 17.Rad1 b6 18.a4 e6 19.R5d2 Na5 20.Nxa5 Qxa5 21.Rd7 Rb8 22.Bd2 Qa6
23.Bb4 Qxe2 24.Bxf8 Bxf8 25.Qc3 Re8 26.Re1 Qh5 27.Rxa7 Bc5 28.b4 Bxf2+ 29.Kxf2 Qxh2+
30.Kf3 e5 31.Qc7 e4+ 32.Ke3 Rf8 33.Rd1 Qg2 34.Qf4 Qc2 35.Rad7 Qb3+ 36.Kf2 Re8
37.Rd8 e3+ 38.Kg2 Qc2+ 39.Kh3 Kg7 40.Qd4+ f6 41.Rxe8  1-0

[Event "RUS-ch"]
[Site "Elista"]
[Date "1996.??.??"]
[Round "3"]
[White "Yakovich, Yuri"]
[Black "Goldin, Alexander"]
[Result "1/2-1/2"]
[WhiteElo "2530"]
[BlackElo "2570"]

1.d4 Nf6 2.c4 e6 3.Nf3 b6 4.e3 Bb7 5.Bd3 d5 6.O-O Nbd7 7.b3 Bd6 8.Bb2 O-O
9.Nc3 Ne4 10.Rc1 a6 11.Ne2 Qe7 12.Ne5 Rfe8 13.Nxd7 Qxd7 14.c5 Bf8 15.Qc2 bxc5
16.dxc5 Bc6 17.Nd4 e5 18.Nxc6 Qxc6 19.b4 Qb7 20.a3 a5 21.b5 Nxc5 22.Bxh7+ Kh8
23.Qf5 Qb6 24.Qh5 Qh6 25.Qxh6 gxh6 26.Bc2 Kg8 27.Rfd1 Rad8 28.Bc3 a4 29.Bb4 d4
30.Bxc5 Bxc5 31.Bxa4 Bb6 32.exd4 Rxd4 33.Bb3 Red8 34.Kf1 Rd2 35.Rxd2 Rxd2
36.Ke1 Ba5 37.Kf1 Bb6 38.Rc2 Rd3 39.Bc4 Rxa3 40.g3 Kg7 41.Kg2 Kf6  1/2-1/2

[Event "RUS-ch"]
[Site "Elista"]
[Date "1996.??.??"]
[Round "4"]
[White "Goldin, Alexander"]
[Black "Shariyazdanov, Andrey"]
[Result "1/2-1/2"]
[WhiteElo "2570"]
[BlackElo "2470"]

1.d4 Nf6 2.c4 e6 3.Nf3 b6 4.a3 Ba6 5.Qc2 Bb7 6.Nc3 c5 7.e4 cxd4 8.Nxd4 d6
9.Be2 Be7 10.O-O O-O 11.Rd1 Nbd7 12.a4 a6 13.a5 bxa5 14.Nb3 Rb8 15.Nxa5 Ba8
16.Be3 Qc7 17.f4 Rfc8 18.Kh1 Bf8 19.Bf3 g6 20.Rd2 Nb6 21.Be2 Nbd7 22.Bf3 Nb6
23.Be2  1/2-1/2

[Event "RUS-ch"]
[Site "Elista"]
[Date "1996.??.??"]
[Round "5"]
[White "Lugovoi, Aleksei"]
[Black "Goldin, Alexander"]
[Result "0-1"]
[WhiteElo "2500"]
[BlackElo "2570"]

1.d4 Nf6 2.c4 e6 3.Nc3 Bb4 4.e3 c5 5.Bd3 Nc6 6.Nf3 d5 7.O-O O-O 8.a3 Bxc3
9.bxc3 dxc4 10.Bxc4 Qc7 11.Bd3 e5 12.Qc2 Re8 13.dxe5 Nxe5 14.Nxe5 Qxe5 15.f3 Bd7
16.a4 Rac8 17.Re1 Bc6 18.e4 Nd5 19.Bd2 Nf4 20.Bc4 Ng6 21.Be3 Qe7 22.Qf2 b6
23.a5 Ne5 24.Bf1 Qe6 25.Rab1 Rb8 26.Qg3 f6 27.axb6 axb6 28.Bf4 b5 29.Qf2 c4
30.Red1 Rbd8 31.Rxd8 Rxd8 32.Qb6 Qd7 33.Ra1 Rc8 34.Be2 Qc7 35.Be3 Qxb6 36.Bxb6 Ra8
37.Rxa8+ Bxa8 38.Kf2 Kf7 39.Ke3 Nd7 40.Bc7 Nc5 41.Bd6 Nd3 42.g3 Ke6 43.Bb8 g6
44.Bf1 Bb7 45.Bh3+ f5 46.g4 fxe4 47.g5+ Ke7 48.fxe4 Bxe4 49.Kxe4 Nf2+ 50.Kd5 Nxh3
51.Bg3 Nxg5 52.Bh4 h6 53.Kc5 Ke6 54.Bxg5 hxg5 55.Kxb5 Kf5 56.Kxc4 Kg4 57.Kd5 Kh3
58.c4 Kxh2 59.c5 g4 60.c6 g3 61.c7 g2 62.c8=Q g1=Q 63.Qh8+ Kg3 64.Qb8+ Kf3
65.Qf8+ Kg2 66.Qf4 Qe1 67.Qg4+ Qg3 68.Qe2+ Kh3 69.Qf1+ Kh4 70.Qh1+ Kg5 71.Ke6 Qf2
72.Ke7 Kg4 73.Qd1+ Kh4 74.Qh1+ Kg3 75.Qh6 Qf5 76.Qe3+ Kh4 77.Qe1+ Kg5 78.Qg3+ Kh6
79.Qh2+ Qh5 80.Qd6 Kh7 81.Qc7 Qf5 82.Qh2+ Kg7 83.Qb2+ Kh6 84.Qh2+ Qh5 85.Qd6 Qe2+
86.Kf7 Qc4+ 87.Kf6 Qf1+ 88.Ke7 Qf2 89.Ke8 Kh5 90.Qd1+ Kh4 91.Qh1+ Kg3 92.Qh6 Qf5
93.Qe3+ Kg4 94.Qg1+ Kh5 95.Qh2+ Kg5 96.Ke7 Qf6+ 97.Ke8 Qf4 98.Qh1 Kf5 99.Qh3+ Kf6
100.Qh8+ Ke6 101.Qh3+ Qf5 102.Qb3+ Kf6 103.Qf7+ Kg5 104.Qe7+ Kg4 105.Qe2+ Qf3
106.Qc4+ Kh5 107.Qc2 g5 108.Qh2+ Kg4 109.Qb2 Qe3+ 110.Kd8 Qd3+ 111.Kc8 Qh3
112.Qe5 Kh4+ 113.Kd8 Qd3+ 114.Ke8 g4 115.Qh2+ Kg5 116.Qe5+ Qf5 117.Qe7+ Kf4
118.Qh4 Kf3 119.Qh1+ Kg3 120.Qg1+ Kh4 121.Qh2+ Kg5 122.Qd2+ Kg6 123.Qd6+ Qf6
124.Qd3+ Kh5 125.Qd5+ Qg5 126.Qh1+ Kg6 127.Qc6+ Qf6 128.Qe4+ Qf5 129.Qc6+ Kg5
130.Qc3 Qe6+ 131.Kd8 Qf6+  0-1

[Event "RUS-ch"]
[Site "Elista"]
[Date "1996.??.??"]
[Round "7"]
[White "Ulibin, Mikhail"]
[Black "Goldin, Alexander"]
[Result "1/2-1/2"]
[WhiteElo "2550"]
[BlackElo "2570"]

1.e4 e5 2.Nf3 Nc6 3.Bb5 a6 4.Ba4 Nf6 5.O-O Be7 6.Re1 b5 7.Bb3 d6 8.c3 O-O
9.a4 b4 10.a5 Rb8 11.Bc4 d5 12.exd5 Nxd5 13.Nxe5 Nxe5 14.Rxe5 Bb7 15.d4 Bf6
16.Re1 c5 17.dxc5 bxc3 18.bxc3 Qc7 19.Bxd5 Rbd8 20.Bf4 Qxf4 21.Qf3 Rfe8 22.Na3 Qd2
23.Red1 Bxd5 24.Rxd2 Bxf3 25.Rxd8 Rxd8 26.gxf3 Bxc3 27.Rb1 Bxa5 28.Nc4 Bc7
29.Rb7 Rc8 30.Kg2 Bf4 31.Nd6 Ra8 32.Nc4 Rc8 33.Nd6  1/2-1/2

[Event "RUS-ch"]
[Site "Elista"]
[Date "1996.??.??"]
[Round "9"]
[White "Fominyh, Alexander"]
[Black "Goldin, Alexander"]
[Result "1-0"]
[WhiteElo "2535"]
[BlackElo "2570"]

1.Nf3 Nf6 2.c4 b6 3.d4 e6 4.g3 Ba6 5.Qb3 Nc6 6.Bd2 Rb8 7.Bg2 b5 8.cxb5 Bxb5
9.Qc2 Nb4 10.Qc1 Qc8 11.a3 Qa6 12.Nc3 Nbd5 13.Nxb5 Qxb5 14.b4 Ne4 15.Ne5 Nxd2
16.Qxd2 a5 17.bxa5 Bxa3 18.O-O Bb4 19.Qc2 Ke7 20.Rfb1 Nc3 21.Rb2 Qa6 22.e3 Bxa5
23.Rxb8 Ne2+ 24.Kh1 Rxb8 25.Nc4 Rb5 26.Qxe2 d5 27.Nb2  1-0

[Event "RUS-ch"]
[Site "Elista"]
[Date "1996.??.??"]
[Round "10"]
[White "Goldin, Alexander"]
[Black "Pigusov, Evgeny"]
[Result "1/2-1/2"]
[WhiteElo "2570"]
[BlackElo "2570"]

1.d4 Nf6 2.c4 e6 3.Nf3 d5 4.Nc3 Be7 5.Qc2 O-O 6.Bg5 h6 7.Bxf6 Bxf6 8.O-O-O c5
9.dxc5 d4 10.Nxd4 Bxd4 11.e3 Bxe3+ 12.fxe3 Qg5 13.Qe4 Qxc5 14.Bd3 f5 15.Qd4 Qe7
16.Be2 Nc6 17.Qd6 Qg5 18.Qf4 Qe7 19.Qd6 Qg5 20.Qg3 Qxg3 21.hxg3 Ne5 22.e4 Bd7  1/2-1/2

[Event "RUS-ch"]
[Site "Elista"]
[Date "1996.??.??"]
[Round "11"]
[White "Makarov, Marat"]
[Black "Goldin, Alexander"]
[Result "1/2-1/2"]
[WhiteElo "2560"]
[BlackElo "2570"]

1.d4 d5 2.c4 e6 3.Nf3 Nf6 4.Nc3 Be7 5.Bg5 h6 6.Bh4 O-O 7.e3 b6 8.cxd5 Nxd5
9.Bxe7 Qxe7 10.Nxd5 exd5 11.Be2 Be6 12.Qa4  1/2-1/2

[Event "ISR-chT"]
[Site "Israel"]
[Date "1996.??.??"]
[Round "1"]
[White "Krays, Alexander"]
[Black "Goldin, Alexander"]
[Result "0-1"]
[WhiteElo "2440"]
[BlackElo "2600"]

1.e4 e5 2.Nf3 Nc6 3.Bc4 Nf6 4.d3 h6 5.c3 d6 6.Bb3 g6 7.Nbd2 Bg7 8.O-O O-O
9.Re1 Nh5 10.Nf1 Nf4 11.Bxf4 exf4 12.d4 Bg4 13.Qd3 Na5 14.Ba4 c5 15.N1d2 a6
16.h3 Bh5 17.Rac1 b5 18.Bd1 Rc8 19.a4 Qb6 20.axb5 axb5 21.Be2 Nc4 22.dxc5 Rxc5
23.Rc2 Rfc8 24.Nb3 R5c7 25.Nbd4 b4 26.cxb4 Qxb4 27.Qc3 Qb6 28.Bxc4 Rxc4 29.Qxc4 Rxc4
30.Rxc4 Qxb2 31.Rec1 Kh7 32.Rc7 g5 33.R1c2 Qa3 34.Nf5 Qd3 35.Nd2 Bg6 36.R7c3 Qe2
37.Nxg7 Kxg7 38.f3 d5 39.Nf1 Qa6 40.Rc6 Qa7+ 41.R6c5 dxe4 42.fxe4 Bxe4  0-1

[Event "ISR-chT"]
[Site "Israel"]
[Date "1996.??.??"]
[Round "2"]
[White "Mittelman, Gur"]
[Black "Goldin, Alexander"]
[Result "0-1"]
[WhiteElo "2345"]
[BlackElo "2600"]

1.d4 Nf6 2.Nf3 e6 3.g3 b5 4.Bg2 Bb7 5.Bg5 c5 6.c3 Na6 7.O-O Be7 8.Nbd2 O-O
9.Qb1 d5 10.Bxf6 Bxf6 11.b4 cxb4 12.cxb4 Rc8 13.a3 Rc3 14.Nb3 Qc7 15.e3 Rc8
16.Rd1 Qb6 17.Bf1 R3c7 18.Nc5 Nb8 19.a4 bxa4 20.Rxa4 Bc6 21.Ra5 Be8 22.Qa1 Nc6
23.Ra6 Qxb4 24.Qa3 Qxa3 25.Rxa3 Be7 26.Rda1 h6 27.Ra4 Bxc5 28.dxc5 Nd8 29.Rxa7 Rxc5
30.Ra8 Kf8 31.Nd4 R5c7 32.Kg2 Rxa8 33.Rxa8 Ke7 34.Bd3 Bd7 35.e4 dxe4 36.Bxe4 Rc4  0-1

[Event "ISR-chT"]
[Site "Israel"]
[Date "1996.??.??"]
[Round "3"]
[White "Goldin, Alexander"]
[Black "Slutzky, Leonid"]
[Result "0-1"]
[WhiteElo "2600"]
[BlackElo "2350"]

1.Nf3 Nf6 2.g3 g6 3.Bg2 Bg7 4.O-O O-O 5.c4 d6 6.d4 Nbd7 7.Nc3 e5 8.e4 c6
9.Rb1 Re8 10.h3 a5 11.Be3 exd4 12.Nxd4 Nc5 13.Qc2 Qe7 14.Rfe1 Nfxe4 15.Nxe4 Nxe4
16.Bxe4 Qxe4 17.Bd2 Bf5 18.Rxe4 Bxe4 19.Qb3 Bxb1 20.Be3 Re7 21.a4 Rae8 22.Qd1 Be4
23.Qd2 c5 24.Nb5 Bc6 25.Qxa5 Bxb2 26.Kh2 Be5 27.Qd2 h5 28.h4 b6 29.Nc3 Ra7
30.Qc2 Rea8 31.Qd3 Bxa4 32.Nd5 Bc6 33.Bf4 Ra3 34.Qe4 Bxd5 35.Qxd5 Bxf4 36.gxf4 Ra2
37.Kg2 Re8 38.Qxd6 Ree2 39.Qb8+ Kg7 40.Qxb6 Rxf2+ 41.Kg3 Rfb2  0-1

[Event "ISR-chT"]
[Site "Israel"]
[Date "1996.??.??"]
[Round "4"]
[White "Goldin, Alexander"]
[Black "Stisis, Yaacov"]
[Result "1/2-1/2"]
[WhiteElo "2600"]
[BlackElo "2380"]

1.d4 d5 2.c4 c6 3.Nf3 Nf6 4.Nc3 e6 5.Bg5 dxc4 6.a4 Bb4 7.e4 Bxc3+ 8.bxc3 Qa5
9.e5 Ne4 10.Bd2 Qd5 11.Be3 c5 12.Qc2 cxd4 13.cxd4 Qa5+ 14.Nd2 Nxd2 15.Bxd2 Qd5
16.Bxc4 Qxd4 17.O-O Nc6 18.Rae1 Bd7 19.Re4 Qc5 20.Be3 Qa5 21.Qb2 Ne7 22.Qxb7 Bc6
23.Bb5 Qxb5 24.Qxb5 Bxb5 25.axb5 Nd5 26.Ra1  1/2-1/2

[Event "ISR-chT"]
[Site "Israel"]
[Date "1996.??.??"]
[Round "5"]
[White "Wapner, Jonathan"]
[Black "Goldin, Alexander"]
[Result "0-1"]
[WhiteElo "2235"]
[BlackElo "2600"]

1.e4 c5 2.Nf3 Nc6 3.d4 cxd4 4.Nxd4 Nf6 5.Nc3 d6 6.Bg5 Bd7 7.Bxf6 gxf6 8.Qd2 Nxd4
9.Qxd4 Qa5 10.Be2 Rg8 11.Bf3 Rc8 12.O-O Qc5 13.Qd3 h5 14.h4 Qe5 15.g3 Bh6
16.Bg2 b5 17.a3 Rc4 18.Rad1 Bg4 19.Bf3 Be6 20.Bg2 Bg4 21.Bf3 a6 22.Bxg4 Rxg4
23.Qf3 e6 24.Rd3 Qc5 25.Rfd1 Bf4 26.Kh1 Be5 27.R1d2 Ke7 28.Kg2 a5 29.Nd1 Bf4
30.Ne3 Bxe3 31.fxe3 Rcxe4 32.Rxd6 Qxe3 33.Rd7+ Kf8 34.R7d3 Qxf3+ 35.Kxf3 Re1
36.Rd7 Rg1 37.Rg2 Rxg2 38.Kxg2 Rc4 39.c3 b4 40.axb4 axb4 41.Rd3 f5 42.Kf3 Ke7
43.Ke3 bxc3 44.bxc3 e5 45.Kd2 f4 46.gxf4 Rxf4 47.Kc2 Rxh4 48.Kb3 Rh1 49.c4 h4
50.Kb4 h3 51.Kc5 e4 52.Re3 f5 53.Kc6 Ke6 54.c5 Ke5 55.Kc7 h2 56.Rh3 Rc1  0-1

[Event "ISR-chT"]
[Site "Israel"]
[Date "1996.??.??"]
[Round "6"]
[White "Goldin, Alexander"]
[Black "Kaspi, Alexander"]
[Result "1/2-1/2"]
[WhiteElo "2600"]
[BlackElo "2475"]

1.Nf3 c5 2.c4 Nf6 3.Nc3 e6 4.g3 b6 5.Bg2 Bb7 6.O-O Be7 7.Re1 d6 8.b3 O-O
9.Bb2 Nbd7 10.e4 a6 11.d4 cxd4 12.Nxd4 Qc7 13.h3 Rac8 14.Qd2 Qb8 15.Re2 Rfe8
16.Rae1 Bf8 17.Qe3 g6 18.Rd1 Ba8 19.g4 h6 20.Qg3 e5 21.Nc2 Nc5 22.Nb4 a5
23.Nbd5 Bxd5 24.exd5 Bg7 25.Nb5 Nfd7 26.h4 Nf6 27.Bc1 Rcd8 28.Rde1 Kh7 29.Bh3 Kg8
30.Bd2 Bf8 31.Bc3 Bg7 32.Re3 Nh7 33.g5 hxg5 34.hxg5 Na6 35.f4 exf4 36.Qxf4 Bxc3
37.Nxc3 Rxe3 38.Qxe3 Nc5 39.Nb5 Rf8 40.Qe7 Qd8 41.Nxd6 Nxg5 42.Bg2 f5 43.Nb5 Nge4
44.Qxd8 Rxd8 45.Bxe4 Nxe4 46.Kg2 Kg7 47.Re3 Kf6 48.Nc3 Ke5 49.Nxe4 fxe4 50.Rg3 Rd6
51.Kf2 Kd4 52.a4 Rf6+ 53.Ke2 Rd6 54.Kd2 Rf6  1/2-1/2

[Event "ISR-chT"]
[Site "Israel"]
[Date "1996.??.??"]
[Round "7"]
[White "Kraidman, Yair"]
[Black "Goldin, Alexander"]
[Result "0-1"]
[WhiteElo "2365"]
[BlackElo "2600"]

1.d4 Nf6 2.c4 e6 3.Nf3 b6 4.g3 Ba6 5.Nbd2 Bb7 6.Bg2 c5 7.O-O cxd4 8.b3 Qc7
9.Nxd4 Bxg2 10.Kxg2 Qb7+ 11.Kg1 Be7 12.Bb2 O-O 13.Qc2 Rc8 14.Rac1 d6 15.Rfd1 Nbd7
16.Qb1 a6 17.N4f3 h6 18.Ne1 b5 19.Nd3 Ne4 20.Qa1 Ndf6 21.Nf4 e5 22.Nd3 Nxd2
23.Rxd2 Ne4 24.Rdc2 Ng5 25.h4 Ne6 26.cxb5 Rxc2 27.Rxc2 axb5 28.a3 Qd5 29.b4 f5
30.Qc1 Qb7 31.Qd2 Rf8 32.e3 Kh7 33.Qc3 Qf3 34.Ne1 Qg4 35.Qd3 Bxh4 36.Qxd6 f4
37.exf4 exf4 38.Qd3+ Kh8 39.Qe2 Qg6 40.Ng2 fxg3 41.fxg3 Bxg3 42.Rc6 Nf4 43.Nxf4 Bf2+  0-1

[Event "ISR-chT"]
[Site "Israel"]
[Date "1996.??.??"]
[Round "9"]
[White "Goldin, Alexander"]
[Black "Bykhovsky, Avigdor"]
[Result "1-0"]
[WhiteElo "2600"]
[BlackElo "2405"]

1.d4 d5 2.c4 c6 3.Nf3 Nf6 4.Nc3 e6 5.Bg5 h6 6.Bxf6 Qxf6 7.e3 Nd7 8.Bd3 dxc4
9.Bxc4 g6 10.O-O Bg7 11.Ne4 Qe7 12.Qc2 O-O 13.Bb3 Rd8 14.Rfd1 Nf8 15.Rac1 Bd7
16.a3 Be8 17.Ne5 f5 18.Nd2 Rac8 19.Nd3 g5 20.Qc5 Rc7 21.Qxa7 Bh5 22.Re1 Kh8
23.Qa5 b5 24.Rc5 Rd6 25.Rec1 Ra7 26.Qc3 Be8 27.Ne5 Ra6 28.Ndf3 g4 29.Ne1 Bxe5
30.dxe5 Rd8 31.Nd3 Nd7 32.Rxc6 Rxc6 33.Qxc6 Nf8 34.Qc3 Qd7 35.Nf4  1-0

[Event "ISR-chT"]
[Site "Israel"]
[Date "1996.??.??"]
[Round "10"]
[White "Goldin, Alexander"]
[Black "Golod, Vitali"]
[Result "1/2-1/2"]
[WhiteElo "2600"]
[BlackElo "2555"]

1.d4 Nf6 2.c4 g6 3.g3 c6 4.Bg2 d5 5.Nf3 Bg7 6.O-O O-O 7.b3 Bf5 8.Nc3 Ne4
9.Bb2 Nd7 10.e3 Nxc3 11.Bxc3 Be4 12.Rc1 a5 13.Qe2 a4 14.cxd5 axb3 15.axb3 Bxd5
16.Qb2 Nf6 17.Bb4 Re8 18.Ra1 Rxa1 19.Rxa1 Be4 20.Rc1 b6 21.Qa3 Qd5 22.Ne1 c5
23.dxc5 Ra8 24.Qb2 Bxg2 25.Nxg2 Ne4 26.Qc2 Nxc5  1/2-1/2

[Event "JUG-chT"]
[Site "Niksic"]
[Date "1996.??.??"]
[Round "?"]
[White "Beliavsky, Alexander G"]
[Black "Goldin, Alexander"]
[Result "1/2-1/2"]
[WhiteElo "2620"]
[BlackElo "2570"]

1.d4 Nf6 2.c4 e6 3.g3 c5 4.Nf3 cxd4 5.Nxd4 Bb4+ 6.Nc3 O-O 7.Bg2 d5 8.cxd5 Nxd5
9.Bd2 Bxc3 10.bxc3 e5 11.Nb5 Nc6 12.c4 Nb6 13.c5 Nc4 14.Bc3 Qe7 15.O-O Rd8
16.Qa4 Qxc5 17.Rac1 Bd7 18.Rfd1 Nb6 19.Qb3 Be6 20.Qb1 Bxa2 21.Qxa2 Qxb5 22.Bxc6 Qxc6
23.Bxe5 Rxd1+ 24.Rxd1 a6 25.Rd6 Qc1+ 26.Kg2  1/2-1/2